Fundamentals of corporate finance / (Record no. 2818)
[ view plain ]
| 000 -LEADER | |
|---|---|
| fixed length control field | 02109cam a22002294a 4500 |
| 020 ## - INTERNATIONAL STANDARD BOOK NUMBER | |
| ISBN | 0072557524 |
| 020 ## - INTERNATIONAL STANDARD BOOK NUMBER | |
| ISBN | 9780072557527 |
| 020 ## - INTERNATIONAL STANDARD BOOK NUMBER | |
| ISBN | 0071215581 |
| 050 00 - CALL NUMBER | |
| Classification number | HG4026 |
| Item number | .B6668 |
| 100 1# - AUTHOR | |
| Personal name | Brealey, Richard A. |
| 245 10 - TITLE | |
| Title | Fundamentals of corporate finance / |
| Statement of responsibility, etc | Richard A. Brealey, Stewart C. Myers, Alan J. Marcus. |
| 250 ## - EDITION | |
| Edition statement | 4th ed. |
| 260 ## - PUBLICATION INFORMATION | |
| Place of publication | Boston, Mass. : |
| Name of publisher | McGraw-Hill Irwin, |
| Year of publication | 2004. |
| 300 ## - DESCRIPTION | |
| Number of Pages | xxxii, 736 p. : |
| Other physical details | col. ill. ; |
| Dimensions | 28 cm. + |
| Accompanying material | 1 CD-ROM (4 3/4 in.) |
| 440 #0 - SERIES | |
| SERIES | McGraw-Hill/Irwin series in finance, insurance, and real estate |
| 500 ## - NOTES | |
| General note | Includes index |
| 505 ## - FORMATTED CONTENTS NOTE | |
| Table of Content | Part One: Introduction<br/>Chapter 1: The Firm and the Financial Manager<br/>Chapter 2: The Financial Employer<br/>Chapter 3: Accounting and Finance<br/><br/>Part Two: Value<br/>Chapter 4: The Time Value of Money<br/>Chapter 5: Valuing Bonds<br/>Chapter 6: Valuing Stocks<br/>Chapter 7: Net Present Value and other Investment Criteria <br/>Chapter 8: Using Discounted Cash - Flow Analysis to make Investment Decisions<br/>Chapter 9: Project Analysis<br/><br/>Part Three: Risk<br/>Chapter 10: Introduction to Risk, Return and the Opportunity Cost of Capital<br/>Chapter 11: Risk, Return and Capital Budgeting<br/>Chapter 12: The Cost of Capital<br/><br/>Part Four: Financing <br/>Chapter 13: An Overview of Corporate Financing<br/>Chapter 14: How Corporations Issues Securities<br/><br/>Part Five: Debt and Dividend Policy <br/>Chapter 15: Debt Policy<br/>Chapter 16: Dividends Policy<br/><br/>Part Six: Financial Planning<br/>Chapter 17: Financial Statement Analysis<br/>Chapter 18: Financial Planning<br/>Chapter 19: working Capital Management and Short - Term Planning<br/><br/>Part Seven: Short - Term Financial Decisions<br/>Chapter 20: Cash and Inventory Management<br/>Chapter 21: Credit Management and Bankruptcy<br/><br/>Part Eight: Special Topics<br/>Chapter 22: Mergers, Acquisitions and Corporate Control<br/>Chapter 23: International Financial Management<br/>Chapter 24: Options<br/>Chapter 25: Risk Management<br/><br/>Part Nine: Conclusion<br/>Chapter 26: What we Do and Do no Know about Finance |
| 650 #0 - SUBJECTS | |
| Topical Term | Corporations |
| General subdivision | Finance. |
| 700 1# - OTHER AUTHORS | |
| Personal name | Myers, Stewart C. |
| 700 1# - OTHER AUTHORS | |
| Personal name | Marcus, Alan J. |
| 942 ## - ADDED ENTRY ELEMENTS (KOHA) | |
| Koha item type | Books |
| Withdrawn status | Lost status | Collection code | Home library | Current library | Shelving location | Date acquired | Full call number | Accession Number | Koha item type |
|---|---|---|---|---|---|---|---|---|---|
| Reference | Methodist University Library Main | Methodist University Library Main | General Stacks | 23/03/2006 | HG4026 .B6668 | 13559 | Books | ||
| Reference | Methodist University Library Main | Methodist University Library Main | General Stacks | 23/03/2006 | HG4026 .B6668 | 13856 | Books | ||
| Reference | Methodist University Library Main | Methodist University Library Main | General Stacks | 30/03/2006 | HG4026 .B6668 | 13558 | Books | ||
| Methodist University Library Main | Methodist University Library Main | General Stacks | 30/03/2006 | HG4026 .B6668 | 13561 | Books | |||
| Methodist University Library Tema | Methodist University Library Main | Reference | 30/03/2006 | HG4026 .B6668 | 29407 | Books |